|
|
|
|
| LEADER |
00000nab a2200000 a 4500 |
| 001 |
vtls000039989 |
| 003 |
SK-MaSNL |
| 005 |
20260303023600.0 |
| 008 |
111103c1979 xo 0 slo |
| 015 |
|
|
|a SNBRB19rr/mm-uuuuu
|
| 035 |
|
|
|a CL0050084
|
| 040 |
|
|
|a SNKBUCL
|b slo
|c SNKBUCL
|e AACR2
|
| 041 |
0 |
|
|a slo
|
| 044 |
|
|
|a xo
|c SK
|
| 080 |
|
|
|a 008
|2 1981
|
| 080 |
|
|
|a 7
|2 1981
|
| 100 |
1 |
|
|a (men)
|4 aut
|9 1006532
|
| 245 |
1 |
0 |
|a Invenčný pokus
|b Recenzujeme knihu Martina Čičillu Človek a kultúra, ktorá vyšla v edícii Pallas
|c (men) ; Sonja Mentelová
|
| 650 |
0 |
7 |
|a kultúra
|2 snkbucl
|9 886
|
| 650 |
0 |
7 |
|a umenie
|2 snkbucl
|9 1060
|
| 655 |
|
7 |
|a články z novín a časopisov
|2 snkbucl
|9 267496
|
| 700 |
1 |
|
|a Mentelová, Sonja
|4 aut
|9 1006533
|
| 700 |
1 |
|
|a Čičilla, Martin
|4 aut
|9 376517
|
| 773 |
0 |
|
|t Večerník
|g Roč. 24, č. 184 (19. 9. 1979), s. 5
|
| 787 |
0 |
8 |
|i Rec.:
|a Čičilla, Martin
|t Človek a kultúra
|d Pallas : Bratislava, 1979
|
| 850 |
|
|
|a Slovenská národná knižnica v Martine
|a MTA001
|
| 852 |
|
|
|a SNK
|b KIS3GCP
|
| 958 |
|
|
|a RK
|
| 992 |
|
|
|a RBX
|
| 999 |
|
|
|c 1635331
|d 1637261
|